Stations on New York City's L Subway Line - Statistics

General Stats
  • This quiz has been taken 18 times
  • The average score is 19 of 24
Answer Stats
Station % Correct
14 Street - Union Square
100%
1 Avenue
100%
3 Avenue
100%
6 Avenue
100%
8 Avenue
100%
Bedford Avenue
92%
Lorimer Street
92%
Bushwick Avenue - Aberdeen Street
85%
Canarsie - Rockaway Parkway
85%
Livonia Avenue
85%
Myrtle - Wyckoff Avenues
85%
Broadway Junction
77%
DeKalb Avenue
77%
Halsey Street
77%
Montrose Avenue
77%
Atlantic Avenue
69%
Grand Street
69%
Jefferson Avenue
69%
Morgan Avenue
69%
East 105 Street
62%
Wilson Avenue
62%
Graham Avenue
54%
New Lots Avenue
54%
Sutter Avenue
54%
No matching quizzes found
Score Distribution
Percent of People with Each Score
Percentile by Number Answered
Your Score History
You have not taken this quiz